000 01170cam a2200337 a 4500
001 3544980
003 OSt
005 20140310184249.0
008 970922s1998 nyu c 000 1 eng
010 _a 97040776
020 _a0439065054
040 _aDLC
_cDLC
_dDLC
042 _alcac
050 0 0 _aPZ 7
_b.D2857Sa 1999
100 1 _aVan Draanen, Wendelin.
_94062
245 1 0 _aSammy Keyes and the hotel thief /
_cWendelin Van Draanen.
260 _aNew York, NY :
_bScholastic Inc.,
_cc1999.
300 _a163 p. ;
_c20 cm.
521 _aG7
526 _c890
650 1 _aGrandmothers
_xFiction.
_928050
650 1 _aRobbers and outlaws
_xFiction.
_928051
650 1 _aMystery and detective stories.
_93790
856 4 2 _3Contributor biographical information
_uhttp://www.loc.gov/catdir/bios/random058/97040776.html
856 4 2 _3Publisher description
_uhttp://www.loc.gov/catdir/description/random042/97040776.html
906 _a7
_bcbc
_corignew
_d1
_eocip
_f19
_gy-gencatlg
942 _2lcc
_cBK-SCHOLAS
999 _c33355
_d33355